Ancient and medieval India: (Record no. 1430950)

MARC details
000 -LEADER
fixed length control field 00770nam a22002417a 4500
005 - DATE AND TIME OF LATEST TRANSACTION
control field 20250523114102.0
008 - FIXED-LENGTH DATA ELEMENTS--GENERAL INFORMATION
fixed length control field 250523b |||||||| |||| 00| 0 eng d
020 ## - INTERNATIONAL STANDARD BOOK NUMBER
International Standard Book Number 978-93-92899-81-2 (hbk)
037 ## - SOURCE OF ACQUISITION
Terms of availability TB
040 ## - CATALOGING SOURCE
Original cataloging agency CRL
Transcribing agency CRL
041 ## - LANGUAGE CODE
Source of code eng
Language code of text/sound track or separate title eng
084 ## - COLON CLASSIFICATION NUMBER
Classification number V2.D R4
100 ## - MAIN ENTRY--PERSONAL NAME
Personal name Swami, Sunita
9 (RLIN) 810395
245 ## - TITLE STATEMENT
Title Ancient and medieval India:
Remainder of title History, law and justice
260 ## - PUBLICATION, DISTRIBUTION, ETC.
Place of publication, distribution, etc. New Delhi, India:
Name of publisher, distributor, etc. Seva Books,
Date of publication, distribution, etc. 2024.
300 ## - PHYSICAL DESCRIPTION
Extent vi, 254p.
365 ## - TRADE PRICE
Price amount 2600.00
Currency code INR
490 ## - SERIES STATEMENT
Series statement History -1
650 ## - SUBJECT ADDED ENTRY--TOPICAL TERM
Topical term or geographic name entry element India History
9 (RLIN) 810396
650 ## - SUBJECT ADDED ENTRY--TOPICAL TERM
Topical term or geographic name entry element Ancient History
9 (RLIN) 810397
942 ## - ADDED ENTRY ELEMENTS (KOHA)
Source of classification or shelving scheme Colon Classification (CC)
Koha item type Textbook
Classification part V2.D R4
Suppress in OPAC No
Holdings
Withdrawn status Lost status Source of classification or shelving scheme Damaged status Not for loan Home library Current library Date acquired Source of acquisition Cost, normal purchase price Inventory number Total Checkouts Full call number Barcode Date last seen Price effective from Koha item type
    Colon Classification (CC)     Central Library Central Library 2025-05-23 Eastern Book Linkers 2600.00 120 & 2025-01-22   V2.D R4 CL1682724 2025-05-23 2025-05-23 Textbook
Copyright @ Delhi University Library System